League of Legends - champions à shield - Statistiques

Statistiques générales
  • Ce quiz a été pris 200 fois
    169 depuis la dernière actualisation
  • Le résultat moyen est 28 sur 55
Statistiques - réponses
Champions % Correct
Lulu
82%
Morgana
77%
Janna
72%
Garen
71%
Vi
69%
Blitzcrank
68%
Mordekaiser
68%
Orianna
68%
Yasuo
68%
Annie
67%
Yone
67%
Nautilus
62%
Galio
61%
Karma
61%
Lux
61%
Rakan
61%
Yuumi
61%
Shen
58%
Camille
57%
Sion
54%
Lee Sin
53%
Malphite
52%
Riven
52%
Sona
52%
Poppy
51%
Ivern
50%
Sett
50%
Seraphine
49%
Tahm Kench
49%
Viktor
49%
Azir
48%
Olaf
47%
Kassadin
46%
Taric
46%
Thresh
46%
Akshan
45%
Ekko
45%
Jarvan IV
45%
Urgot
44%
Kled
43%
Udyr
40%
Aphelios
39%
Diana
39%
Volibear
37%
Zeri
37%
Kai'Sa
36%
Nilah
36%
Rell
36%
Skarner
35%
Senna
34%
Rumble
33%
Vex
33%
Nunu
32%
Neeko
28%
Renata Glasc
27%
Aucun quiz correspondant
Distribution des résultats
% des personnes avec chaque résultat
Percentile par nombre de réponses
Votre historique - résultats
Vous n’avez pas pris ce quiz depuis la dernière actualisation